[Event "DEM U18w 2019"]
[Site "Willingen GER"]
[Date "2019.06.15"]
[Round "9"]
[White "Fock, Sana"]
[Black "Köhler, Inken"]
[Result "1/2-1/2"]
[Termination "normal"]
[Board "6"]
[WhiteElo "1796"]
[BlackElo "1979"]
[WhiteClock "00:03:49"]
[BlackClock "00:03:05"]
[PlyCount "74"]
[WhiteFideId "12981966"]
[BlackFideId "12929301"]
[EventCountry "GER"]
[EventRounds "9"]
[EventType "swiss"]
[EventDate "2019.06.08"]

1. e4 {[%clk 1:30:59]} 1... c5 {[%clk 1:30:55]} 2. Nc3 {[%clk 1:31:24]} 2... e6
{[%clk 1:31:18]} 3. f4 {[%clk 1:31:22]} 3... d5 {[%clk 1:31:33]} 4. Bb5+ {
[%clk 1:30:32]} 4... Bd7 {[%clk 1:31:51]} 5. Bxd7+ {[%clk 1:29:29]} 5... Qxd7 {
[%clk 1:32:05]} 6. d3 {[%clk 1:22:40]} 6... Nc6 {[%clk 1:31:30]} 7. Nf3 { [%clk
1:21:26]} 7... Nge7 {[%clk 1:28:52]} 8. O-O {[%clk 1:20:18]} 8... g6 { [%clk
1:27:45]} 9. Qe1 {[%clk 1:15:25]} 9... Bg7 {[%clk 1:25:42]} 10. Kh1 { [%clk
1:05:47]} 10... O-O-O {[%clk 1:20:40]} 11. a4 {[%clk 1:02:40]} 11... h6 { [%clk
1:14:31]} 12. a5 {[%clk 0:58:16]} 12... f6 {[%clk 1:09:00]} 13. Na4 { [%clk
0:51:33]} 13... Qd6 {[%clk 1:04:48]} 14. Qc3 {[%clk 0:47:40]} 14... dxe4 {[%clk
1:02:30]} 15. dxe4 {[%clk 0:46:57]} 15... g5 {[%clk 0:59:35]} 16. Qxc5 { [%clk
0:41:36]} 16... gxf4 {[%clk 0:56:17]} 17. Qxd6 {[%clk 0:38:39]} 17... Rxd6
{[%clk 0:56:40]} 18. Bxf4 {[%clk 0:38:48]} 18... e5 {[%clk 0:55:59]} 19. Be3
{[%clk 0:37:48]} 19... f5 {[%clk 0:47:40]} 20. Bc5 {[%clk 0:33:53]} 20... Re6
{[%clk 0:47:38]} 21. Nc3 {[%clk 0:32:09]} 21... fxe4 {[%clk 0:43:39]} 22. Nh4
{[%clk 0:29:25]} 22... Bf6 {[%clk 0:37:01]} 23. Nf5 {[%clk 0:25:54]} 23... Nxf5
{[%clk 0:37:01]} 24. Rxf5 {[%clk 0:26:19]} 24... Nd4 {[%clk 0:36:59]} 25. Bxd4
{[%clk 0:17:15]} 25... exd4 {[%clk 0:37:24]} 26. Nxe4 {[%clk 0:16:03]} 26...
Bd8 {[%clk 0:33:26]} 27. Nc5 {[%clk 0:12:31]} 27... Re2 {[%clk 0:31:44]} 28.
Nb3 {[%clk 0:10:24]} 28... Rxc2 {[%clk 0:30:56]} 29. Nxd4 {[%clk 0:10:01]}
29... Rxb2 {[%clk 0:30:54]} 30. Rc1+ {[%clk 0:09:08]} 30... Kb8 {[%clk 0:31:02]
} 31. Ne6 {[%clk 0:07:09]} 31... Be7 {[%clk 0:26:05]} 32. h3 {[%clk 0:04:42]}
32... Bd6 {[%clk 0:15:46]} 33. Nc5 {[%clk 0:04:37]} 33... Bxc5 {[%clk 0:08:57]}
34. Rfxc5 {[%clk 0:05:02]} 34... Rg8 {[%clk 0:09:10]} 35. Rh5 {[%clk 0:03:03]}
35... Rgxg2 {[%clk 0:06:27]} 36. Rxh6 {[%clk 0:03:24]} 36... Rh2+ { [%clk
0:06:46]} 37. Kg1 {[%clk 0:03:49]} 37... Rhg2+ {[%clk 0:03:05]} 1/2-1/2

[Event "DEM U18w 2019"]
[Site "Willingen GER"]
[Date "2019.06.15"]
[Round "9"]
[White "Trams, Emma Joe"]
[Black "Kümmel, Tina"]
[Result "1/2-1/2"]
[Termination "normal"]
[Board "10"]
[WhiteElo "1418"]
[BlackElo "1446"]
[WhiteClock "01:15:27"]
[BlackClock "00:27:05"]
[PlyCount "54"]
[WhiteFideId "16206517"]
[BlackFideId "12979368"]
[EventCountry "GER"]
[EventRounds "9"]
[EventType "swiss"]
[EventDate "2019.06.08"]

1. e4 {[%clk 1:30:57]} 1... e6 {[%clk 1:30:56]} 2. d4 {[%clk 1:31:13]} 2... d5
{[%clk 1:31:21]} 3. exd5 {[%clk 1:31:33]} 3... exd5 {[%clk 1:31:45]} 4. Be2 {
[%clk 1:31:43]} 4... Bd6 {[%clk 1:32:09]} 5. Nf3 {[%clk 1:32:04]} 5... Ne7 {
[%clk 1:32:04]} 6. O-O {[%clk 1:32:25]} 6... Bf5 {[%clk 1:31:33]} 7. Re1 {
[%clk 1:32:12]} 7... O-O {[%clk 1:31:32]} 8. Nbd2 {[%clk 1:32:02]} 8... Nd7 {
[%clk 1:30:50]} 9. Nf1 {[%clk 1:32:03]} 9... c6 {[%clk 1:23:02]} 10. Ne3 {
[%clk 1:31:45]} 10... Bg6 {[%clk 1:23:00]} 11. c3 {[%clk 1:30:53]} 11... Qc7 {
[%clk 1:21:40]} 12. h3 {[%clk 1:30:29]} 12... h6 {[%clk 1:18:07]} 13. Bd3 {
[%clk 1:29:33]} 13... Nf6 {[%clk 1:14:48]} 14. Bxg6 {[%clk 1:29:06]} 14... Nxg6
{[%clk 1:15:06]} 15. Nf5 {[%clk 1:28:59]} 15... Rae8 {[%clk 1:04:54]} 16. Rxe8
{[%clk 1:28:15]} 16... Rxe8 {[%clk 1:04:42]} 17. Nxd6 {[%clk 1:28:02]} 17...
Qxd6 {[%clk 1:04:50]} 18. Be3 {[%clk 1:28:04]} 18... Ne4 {[%clk 1:02:15]} 19.
Nd2 {[%clk 1:27:14]} 19... Nf4 {[%clk 0:50:36]} 20. Nxe4 {[%clk 1:26:12]} 20...
Rxe4 {[%clk 0:48:48]} 21. Qd2 {[%clk 1:23:02]} 21... Ng6 {[%clk 0:44:55]} 22.
Re1 {[%clk 1:22:13]} 22... Qe7 {[%clk 0:43:31]} 23. Kf1 {[%clk 1:21:50]} 23...
Nh4 {[%clk 0:38:40]} 24. f3 {[%clk 1:17:48]} 24... Re6 {[%clk 0:38:27]} 25. Bf2
{[%clk 1:16:47]} 25... Nf5 {[%clk 0:37:38]} 26. Rxe6 {[%clk 1:15:49]} 26...
Qxe6 {[%clk 0:37:01]} 27. Qf4 {[%clk 1:15:27]} 27... Qc8 {[%clk 0:27:05]}
1/2-1/2

[Event "DEM U18w 2019"]
[Site "Willingen GER"]
[Date "2019.06.15"]
[Round "9"]
[White "Fuchs, Emily"]
[Black "Schneider, Xenia"]
[Result "1-0"]
[Termination "normal"]
[Board "11"]
[WhiteElo "1384"]
[BlackElo "1364"]
[WhiteClock "00:01:52"]
[BlackClock "00:01:44"]
[PlyCount "65"]
[WhiteFideId "16208986"]
[BlackFideId "12911984"]
[EventCountry "GER"]
[EventRounds "9"]
[EventType "swiss"]
[EventDate "2019.06.08"]

1. e4 {[%clk 1:30:57]} 1... c5 {[%clk 1:30:54]} 2. d4 {[%clk 1:31:23]} 2...
cxd4 {[%clk 1:31:17]} 3. c3 {[%clk 1:31:50]} 3... dxc3 4. Nxc3 {[%clk 1:31:28]}
4... e6 {[%clk 1:31:55]} 5. Bf4 {[%clk 1:30:44]} 5... a6 {[%clk 1:30:20]} 6.
Bc4 {[%clk 1:28:05]} 6... b5 {[%clk 1:25:39]} 7. Bb3 {[%clk 1:20:17]} 7... Bb7
{[%clk 1:20:31]} 8. Nf3 Bb4 9. Qe2 {[%clk 1:10:03]} 9... Qf6 {[%clk 1:07:49]}
10. Bd2 {[%clk 0:41:34]} 10... Nc6 {[%clk 1:03:08]} 11. O-O 11... Nd4 { [%clk
0:22:35]} 12. Nxd4 {[%clk 0:36:21]} 12... Qxd4 {[%clk 0:22:59]} 13. Rfd1 {[%clk
0:29:55]} 13... Bc5 {[%clk 0:20:49]} 14. Be3 {[%clk 0:24:04]} 14... Qe5 {[%clk
0:20:39]} 15. Qd2 {[%clk 0:21:55]} 15... Rd8 {[%clk 0:13:51]} 16. Bf4 16... Qh5
{[%clk 0:08:52]} 17. Bc7 {[%clk 0:18:01]} 17... d6 {[%clk 0:09:07]} 18. Bxd8
{[%clk 0:17:51]} 18... Kxd8 {[%clk 0:09:31]} 19. Re1 {[%clk 0:07:04]} 19... Nf6
{[%clk 0:09:48]} 20. h3 {[%clk 0:06:48]} 20... Nd7 {[%clk 0:08:48]} 21. Bc2
{[%clk 0:05:39]} 21... Ne5 {[%clk 0:08:29]} 22. Qf4 {[%clk 0:03:49]} 22... g5
{[%clk 0:06:48]} 23. Qf6+ {[%clk 0:03:22]} 23... Kd7 {[%clk 0:06:32]} 24. Qxh8
{[%clk 0:01:13]} 24... Bd4 {[%clk 0:06:51]} 25. Qb8 {[%clk 0:00:56]} 25... Bc6
{[%clk 0:06:54]} 26. Rad1 {[%clk 0:00:46]} 26... Bc5 {[%clk 0:05:27]} 27. a3
{[%clk 0:00:57]} 27... a5 {[%clk 0:05:18]} 28. Nxb5 28... Nf3+ { [%clk
0:00:36]} 29. gxf3 {[%clk 0:00:56]} 29... Qxf3 {[%clk 0:01:01]} 30. Rd2 { [%clk
0:01:11]} 30... Qxh3 {[%clk 0:01:13]} 31. Rxd6+ {[%clk 0:01:13]} 31... Bxd6
{[%clk 0:01:22]} 32. Qxd6+ {[%clk 0:01:33]} 32... Ke8 {[%clk 0:01:44]} 33. Nc7#
{[%clk 0:01:52]} 1-0

[Event "DEM U18w 2019"]
[Site "Willingen GER"]
[Date "2019.06.15"]
[Round "9"]
[White "Kadach, Maria"]
[Black "Peters, Jenna Maria Lara"]
[Result "1/2-1/2"]
[Termination "normal"]
[Board "12"]
[WhiteElo "1460"]
[BlackElo "1594"]
[WhiteClock "00:50:42"]
[BlackClock "00:51:09"]
[PlyCount "56"]
[WhiteFideId "16261798"]
[BlackFideId "16205464"]
[EventCountry "GER"]
[EventRounds "9"]
[EventType "swiss"]
[EventDate "2019.06.08"]

1. d4 {[%clk 1:30:59]} 1... Nf6 {[%clk 1:30:47]} 2. Bf4 {[%clk 1:31:15]} 2...
e6 {[%clk 1:31:02]} 3. e3 {[%clk 1:31:23]} 3... c5 {[%clk 1:31:21]} 4. c3 {
[%clk 1:31:33]} 4... b6 {[%clk 1:29:52]} 5. Nd2 {[%clk 1:30:44]} 5... Be7 {
[%clk 1:28:52]} 6. Ngf3 {[%clk 1:30:03]} 6... Bb7 {[%clk 1:29:04]} 7. Be2 {
[%clk 1:28:40]} 7... O-O {[%clk 1:29:08]} 8. h3 {[%clk 1:28:42]} 8... d6 9. O-O
{[%clk 1:28:53]} 9... Nbd7 {[%clk 1:29:42]} 10. Re1 {[%clk 1:27:29]} 10... Re8
{[%clk 1:29:21]} 11. Rc1 {[%clk 1:23:54]} 11... Rc8 {[%clk 1:25:50]} 12. Qa4 {
[%clk 1:17:28]} 12... Bc6 {[%clk 1:24:04]} 13. Bb5 {[%clk 1:16:47]} 13... Qc7 {
[%clk 1:24:07]} 14. Bxc6 {[%clk 1:14:16]} 14... Qxc6 {[%clk 1:24:29]} 15. Qxc6
{[%clk 1:14:36]} 15... Rxc6 {[%clk 1:24:54]} 16. e4 {[%clk 1:07:06]} 16... b5 {
[%clk 1:19:38]} 17. Rcd1 c4 18. Re2 {[%clk 1:02:06]} 18... Nf8 {[%clk 1:16:35]}
19. Rde1 {[%clk 1:01:57]} 19... Ng6 {[%clk 1:16:27]} 20. Bh2 {[%clk 1:01:52]}
20... Nh5 {[%clk 1:15:43]} 21. g3 {[%clk 0:58:12]} 21... e5 {[%clk 1:14:21]}
22. dxe5 {[%clk 0:54:38]} 22... dxe5 {[%clk 1:13:44]} 23. Nf1 {[%clk 0:54:11]}
23... Bc5 {[%clk 1:00:51]} 24. Ne3 {[%clk 0:52:53]} 24... Bxe3 25. Rxe3 { [%clk
0:51:51]} 25... Rd8 {[%clk 1:00:22]} 26. R3e2 {[%clk 0:50:50]} 26... Rd3 {[%clk
0:52:52]} 27. Nd2 {[%clk 0:50:42]} 27... Rcd6 {[%clk 0:51:09]} 28. Nf1 28...
Nf6 {[%clk 0:51:09]} 1/2-1/2

[Event "DEM U18w 2019"]
[Site "Willingen GER"]
[Date "2019.06.15"]
[Round "9"]
[White "Schiewe, Nadin"]
[Black "Gesell, Patricia"]
[Result "1-0"]
[Termination "normal"]
[Board "13"]
[WhiteElo "1608"]
[BlackElo "1046"]
[WhiteClock "00:18:52"]
[BlackClock "00:08:28"]
[PlyCount "83"]
[WhiteFideId "16209079"]
[BlackFideId "16286960"]
[EventCountry "GER"]
[EventRounds "9"]
[EventType "swiss"]
[EventDate "2019.06.08"]

1. d4 {[%clk 1:30:58]} 1... d5 {[%clk 1:30:55]} 2. Nf3 {[%clk 1:31:20]} 2...
Bf5 {[%clk 1:30:57]} 3. e3 {[%clk 1:31:16]} 3... e6 {[%clk 1:30:42]} 4. Bd3
4... Ne7 {[%clk 1:28:42]} 5. c3 {[%clk 1:29:54]} 5... g6 {[%clk 1:26:05]} 6.
Ne5 {[%clk 1:27:44]} 6... Bg7 {[%clk 1:24:46]} 7. f4 {[%clk 1:20:40]} 7... Nd7
8. g4 {[%clk 1:21:02]} 8... Bxd3 {[%clk 1:23:05]} 9. Qxd3 {[%clk 1:18:23]} 9...
O-O {[%clk 1:20:30]} 10. Nd2 10... a6 {[%clk 1:14:10]} 11. Ndf3 {[%clk 1:17:54]
} 11... c5 {[%clk 1:12:08]} 12. h4 {[%clk 1:15:04]} 12... Nxe5 {[%clk 1:07:31]}
13. fxe5 {[%clk 1:15:14]} 13... cxd4 {[%clk 1:04:05]} 14. exd4 {[%clk 1:09:33]}
14... f6 {[%clk 1:02:10]} 15. exf6 15... Bxf6 {[%clk 0:58:31]} 16. h5 { [%clk
1:05:43]} 16... Qd6 17. Ng5 {[%clk 0:55:41]} 17... Bxg5 {[%clk 0:53:15]} 18.
Bxg5 Kg7 19. hxg6 {[%clk 0:53:24]} 19... Nxg6 {[%clk 0:49:22]} 20. Bh6+ 20...
Kg8 {[%clk 0:45:13]} 21. Bxf8 {[%clk 0:52:59]} 21... Rxf8 22. Qh3 { [%clk
0:50:09]} 22... Rf7 {[%clk 0:43:12]} 23. O-O-O {[%clk 0:46:00]} 23... e5 {[%clk
0:40:44]} 24. dxe5 {[%clk 0:45:13]} 24... Nxe5 {[%clk 0:38:01]} 25. Rde1 Qb8
26. Qg3 {[%clk 0:41:27]} 26... Re7 {[%clk 0:36:15]} 27. Kd1 {[%clk 0:39:13] }
27... Qe8 {[%clk 0:35:00]} 28. Rh5 {[%clk 0:33:30]} 28... Qa4+ { [%clk
0:29:14]} 29. b3 {[%clk 0:29:53]} 29... Qxa2 {[%clk 0:25:16]} 30. Rhxe5 { [%clk
0:27:38]} 30... Qxb3+ {[%clk 0:22:46]} 31. Ke2 {[%clk 0:27:50]} 31... Qc2+
{[%clk 0:20:54]} 32. Kf1 {[%clk 0:27:44]} 32... Rxe5 {[%clk 0:19:33]} 33. Qxe5
{[%clk 0:24:46]} 33... Qd3+ {[%clk 0:18:44]} 34. Qe2 {[%clk 0:24:13]} 34...
Qh3+ {[%clk 0:16:48]} 35. Kg1 {[%clk 0:21:49]} 35... Qg3+ {[%clk 0:15:09] } 36.
Kf1 {[%clk 0:21:21]} 36... Qh3+ {[%clk 0:12:42]} 37. Qg2 {[%clk 0:21:41]} 37...
Qd3+ {[%clk 0:10:12]} 38. Kg1 {[%clk 0:22:05]} 38... Kf7 39. Qf1+ { [%clk
0:19:55]} 39... Qxf1+ {[%clk 0:08:30]} 40. Rxf1+ {[%clk 0:18:24]} 40... Kg6
{[%clk 0:08:55]} 41. Rf5 41... h5 {[%clk 0:08:28]} 42. Rxh5 {[%clk 0:18:52] }
1-0